00603nam a2200145 i 4500001000700000003000900007005001700016008004100033110007300074245008400147260008300231300002100314610007300335852004900408182113ES-MaACL20230906221530.0130617s1876 sp |||| | spa d2 aAteneo de los Alumnos Internos de la Facultad de Medicina de Madrid.10aReglamento del Ateneo de Alumnos Internos de la Facultad de Medicina de Madrid. a[Madrid : bAteneo de los Alumnos Internos de la Facultad de Medicina,c1876?] a16 p. ; c20 cm.24aAteneo de los Alumnos Internos de la Facultad de Medicina de Madrid. aES-MaACLjT-366-F-24 z- Ejempl. sin portada